[Event "Cairnhill op 22nd"]
[Site "Singapore"]
[Date "2004.12.05"]
[Round "4"]
[White "Tan, Shihao Sean"]
[Black "Seet, Cheng Bok"]
[Result "1-0"]
[WhiteElo "2091"]
[BlackElo "2005"]
[PlyCount "47"]
[EventDate "2004.12.04"]
[EventType "swiss"]
[EventRounds "9"]
[EventCountry "SIN"]
[SourceTitle "EXT 2006"]
[Source "ChessBase"]
[SourceDate "2005.11.24"]
[SourceVersion "1"]
[SourceVersionDate "2005.11.24"]
[SourceQuality "1"]

1. d4 d5 2. c4 e5 3. e3 dxc4 4. Bxc4 exd4 5. exd4 Nf6 6. Nf3 Bd6 7. 0-0 0-0 8. h3 Nbd7 9. Nc3 Nb6 10. Bb3 c6 11. Qd3 c5 12. Bg5 Be7 13. Rad1 Qd7 14. Nb5 Qc6 15. Ne5 Qe8 16. Nc7 Qd8 17. Nxa8 Be6 18. Bxe6 fxe6 19. Nxb6 axb6 20. dxc5 Nd5 21. Bxe7 Qxe7 22. g3 bxc5 23. Qe4 Rf5 24. Rxd5 1-0

[Event "Cairnhill op 20th"]
[Site "Singapore"]
[Date "2002.12.11"]
[Round "1"]
[White "Seet, Cheng Bok"]
[Black "Tan, Chor Chuan"]
[Result "0-1"]
[WhiteElo "2005"]
[BlackElo "2182"]
[PlyCount "48"]
[EventDate "2002.12.11"]
[EventType "swiss"]
[EventRounds "7"]
[EventCountry "SIN"]
[SourceTitle "CBM 091 Extra"]
[Source "ChessBase"]
[SourceDate "2003.01.09"]
[SourceVersion "1"]
[SourceVersionDate "2003.01.09"]
[SourceQuality "1"]

1. d4 Nc6 2. e4 e5 3. d5 Nce7 4. f4 Ng6 5. Qf3 exf4 6. Bxf4 Nxf4 7. Qxf4 Bc5 8. Nf3 d6 9. Nbd2 Nf6 10. Nb3 Bb6 11. Bd3 0-0 12. 0-0-0 Ng4 13. Nfd4 Ne5 14. Be2 a5 15. Nf5 Bxf5 16. exf5 Re8 17. Kb1 a4 18. Nd4 a3 19. b3 Ra5 20. c4 Bxd4 21. Qxd4 f6 22. Bh5 Re7 23. Rhe1 Qd7 24. Re3 Qxf5+ 0-1

[Event "Cairnhill op 19th"]
[Site "Singapore"]
[Date "2001.12.26"]
[Round "2"]
[White "Seet, Cheng Bok"]
[Black "Kek, Wei Chuan"]
[Result "0-1"]
[WhiteElo "2005"]
[BlackElo "2119"]
[PlyCount "90"]
[EventDate "2001.12.26"]
[EventType "swiss"]
[EventRounds "7"]
[EventCountry "SIN"]
[SourceTitle "CBM 085 Extra"]
[Source "ChessBase"]
[SourceDate "2002.01.21"]
[SourceVersion "1"]
[SourceVersionDate "2002.01.21"]
[SourceQuality "1"]

1. d4 Nf6 2. Nf3 g6 3. g3 Bg7 4. Bg2 d5 5. 0-0 0-0 6. c4 e6 7. Nc3 Nbd7 8. cxd5 exd5 9. Bg5 h6 10. Bf4 c6 11. Rc1 Re8 12. a3 Nb6 13. Ne5 g5 14. Be3 Ng4 15. Nxg4 Bxg4 16. Qd2 Nc4 17. Qc2 Qd7 18. Rcd1 Nxe3 19. fxe3 Rxe3 20. Rf2 Rae8 21. Qd2 Qe6 22. Bf3 Bxf3 23. exf3 Re1+ 24. Kg2 Rxd1 25. Nxd1 g4 26. Nc3 Qe3 27. fxg4 Bxd4 28. Qxe3 Rxe3 29. Rf3 Rxf3 30. Kxf3 Kg7 31. Kf4 Kf6 32. h4 Be5+ 33. Kf3 b5 34. Nd1 a5 35. b3 a4 36. bxa4 bxa4 37. Kf2 Bd4+ 38. Ke2 Ke5 39. Kd3 c5 40. g5 c4+ 41. Kd2 hxg5 42. h5 g4 43. Ne3 Bxe3+ 44. Kxe3 d4+ 45. Kd2 Kf5 0-1

[Event "Cairnhill op 16th"]
[Site "Singapore"]
[Date "1998.12.20"]
[Round "3"]
[White "Long, J."]
[Black "Seet, Cheng Bok"]
[Result "1-0"]
[WhiteElo "2055"]
[BlackElo "2005"]
[PlyCount "23"]
[EventDate "1998.12.??"]
[EventType "swiss"]
[EventRounds "7"]
[EventCountry "SIN"]
[SourceTitle "EXT 2000"]
[Source "ChessBase"]
[SourceDate "1999.11.16"]
[SourceVersion "1"]
[SourceVersionDate "1999.11.16"]
[SourceQuality "1"]

1. e4 c5 2. Nf3 Nc6 3. c3 d5 4. exd5 Qxd5 5. d4 cxd4 6. cxd4 Bg4 7. Be2 Nf6 8. Nc3 Qh5 9. Qb3 Bxf3 10. Bxf3 Nxd4 11. Qa4+ b5 12. Qxd4 1-0